Pokémon - Les attaques de Ludicolo - Statistiques

Statistiques générales
  • Ce quiz a été pris 16 fois
  • Le résultat moyen est 11 sur 18
Statistiques - réponses
Niveaux Types Noms des attaques % Correct
Départ Spectre Étonnement
100%
Départ Glace Brume
91%
Départ Eau Danse Pluie
91%
Départ Eau Hydrocanon
82%
Départ Eau Pistolet à O
82%
Départ Eau Bulles d'O
73%
Départ Plante Éco-Sphère
73%
Départ Plante Giga-Sangsue
73%
Départ Plante Méga-Sangsue
73%
Départ Plante Vole-Vie
64%
Départ Normal Rugissement
55%
Départ Normal Bluff
45%
Départ Normal Danse Folle
36%
Départ Normal Force Nature
36%
Départ Psy Psykoud'Boul
36%
Départ Normal Combo-Griffe
18%
Départ Normal Gigotage
18%
Départ Ténèbres Sabotage
9%
Aucun quiz correspondant
Distribution des résultats
% des personnes avec chaque résultat
Percentile par nombre de réponses
Votre historique - résultats
Vous n’avez pas pris ce quiz